[Event "DEM U14 2013"]
[Site "Oberhof GER"]
[Date "2013.05.22"]
[Round "6"]
[White "Herbrig, Alexander"]
[Black "Lagunow, Raphael"]
[Result "1-0"]
[Termination "normal"]
[Board "13"]
[WhiteElo "1774"]
[BlackElo "1940"]
[PlyCount "59"]
[WhiteFideId "12952044"]
[BlackFideId "24652644"]
[EventCountry "GER"]
[EventRounds "9"]
[EventType "swiss"]
[EventDate "2013.05.18"]

1. e4 c5 2. Nf3 Nc6 3. Bb5 g6 4. O-O Bg7 5. c3 Nf6 6. Re1 O-O 7. d4 cxd4 8.
cxd4 d5 9. e5 Ne4 10. Nc3 Nxc3 11. bxc3 Na5 12. Bd3 Qc7 13. Bg5 Re8 14. Rc1 a6
15. Nd2 b5 16. Qf3 Bb7 17. Qh3 Rac8 18. a3 Nc4 19. Nxc4 dxc4 20. Bb1 Qa5 21. f4
e6 22. g4 Qxa3 23. f5 exf5 24. gxf5 h6 25. fxg6 hxg5 26. Qh7+ Kf8 27. gxf7 Kxf7
28. Rf1+ Ke6 29. Qxg7 Rf8 30. Qxb7 1-0

[Event "DEM U14 2013"]
[Site "Oberhof GER"]
[Date "2013.05.22"]
[Round "6"]
[White "Herzum, Peter"]
[Black "Balazs, Balint"]
[Result "1/2-1/2"]
[Termination "normal"]
[Board "14"]
[WhiteElo "1882"]
[BlackElo "1857"]
[PlyCount "83"]
[WhiteFideId "12919217"]
[BlackFideId "12922757"]
[EventCountry "GER"]
[EventRounds "9"]
[EventType "swiss"]
[EventDate "2013.05.18"]

1. e4 d5 2. exd5 Qxd5 3. Nc3 Qa5 4. d4 Nf6 5. Nf3 Nc6 6. d5 Nb4 7. Bb5+ Bd7 8.
Bxd7+ Nxd7 9. O-O O-O-O 10. Ng5 Ne5 11. Re1 h6 12. Rxe5 hxg5 13. a3 f6 14. Bxg5
Nc6 15. Qg4+ Kb8 16. Re4 Ne5 17. Qe2 e6 18. Ra4 Qb6 19. Be3 Bc5 20. Bxc5 Qxc5
21. dxe6 Qd6 22. Rd1 Qxe6 23. h3 g5 24. Rad4 Rxd4 25. Rxd4 Nf3+ 26. Qxf3 Qe1+
27. Kh2 Qe5+ 28. Kg1 Qxd4 29. Ne4 Re8 30. Nxf6 Re1+ 31. Kh2 Qd6+ 32. g3 Qe6 33.
Nh7 Qh6 34. Nxg5 a6 35. h4 Qb6 36. h5 Qh6 37. Qg4 Re5 38. f4 Rc5 39. c3 Rb5 40.
Qe2 Ka7 41. a4 Rd5 42. c4 1/2-1/2

[Event "DEM U14 2013"]
[Site "Oberhof GER"]
[Date "2013.05.22"]
[Round "6"]
[White "Killgus, Leonard"]
[Black "Riehle, Marco"]
[Result "0-1"]
[Termination "normal"]
[Board "15"]
[WhiteElo "1662"]
[BlackElo "1876"]
[PlyCount "94"]
[WhiteFideId "12922021"]
[BlackFideId "12904392"]
[EventCountry "GER"]
[EventRounds "9"]
[EventType "swiss"]
[EventDate "2013.05.18"]

1. d4 d5 2. Nf3 Nf6 3. c4 e6 4. Qc2 c5 5. g3 cxd4 6. Nxd4 Nc6 7. Nxc6 bxc6 8.
Bg2 Be7 9. O-O O-O 10. Nc3 Bb7 11. Rd1 Qc7 12. Bf4 e5 13. Bg5 d4 14. Nb1 c5 15.
Bxb7 Qxb7 16. Bxf6 Bxf6 17. Nd2 Rad8 18. Rab1 Be7 19. a3 a5 20. Nb3 Qb6 21. Nc1
f5 22. Nd3 Bd6 23. b4 e4 24. Nxc5 Bxc5 25. bxc5 Qxc5 26. Qb3 Rc8 27. Rbc1 Rb8
28. Qa2 Rfc8 29. Rd2 h6 30. Rcd1 Rd8 31. Qa1 Qxc4 32. Rxd4 Rxd4 33. Qxd4 Qxd4
34. Rxd4 Rb3 35. Ra4 Rb5 36. Kg2 g5 37. f3 e3 38. f4 g4 39. h3 h5 40. hxg4 hxg4
41. Rd4 Rb2 42. Rd5 a4 43. Rxf5 Rxe2+ 44. Kf1 Ra2 45. Rg5+ Kf7 46. Rxg4 Rxa3
47. f5 Ra1+ 0-1

[Event "DEM U14 2013"]
[Site "Oberhof GER"]
[Date "2013.05.22"]
[Round "6"]
[White "Nothnagel, Marian Can"]
[Black "Berezhnoy, Alex"]
[Result "1-0"]
[Termination "normal"]
[Board "16"]
[WhiteElo "1785"]
[BlackElo "1719"]
[PlyCount "59"]
[WhiteFideId "12921530"]
[BlackFideId "12918997"]
[EventCountry "GER"]
[EventRounds "9"]
[EventType "swiss"]
[EventDate "2013.05.18"]

1. e4 e5 2. Bc4 Nf6 3. d4 Nxe4 4. dxe5 Nc5 5. Be3 Be7 6. Nf3 O-O 7. h4 Ne6 8.
Nc3 d6 9. Bd3 f5 10. exf6 Bxf6 11. Kf1 Bxc3 12. bxc3 Qf6 13. Ng5 h6 14. Nh7
Qxc3 15. Nxf8 Nxf8 16. Bd4 Qa5 17. Qf3 Nc6 18. Bc3 Qc5 19. Re1 Be6 20. Qg3 Nd4
21. h5 Bxa2 22. Rh4 Nde6 23. Rg4 Ng5 24. Re7 Bf7 25. f4 d5 26. fxg5 Qxe7 27.
gxh6 g6 28. hxg6 d4 29. gxf7+ Kxf7 30. Rg7+ 1-0

[Event "DEM U14 2013"]
[Site "Oberhof GER"]
[Date "2013.05.22"]
[Round "6"]
[White "Schmidt, Daniel"]
[Black "Schmekel, Florian"]
[Result "0-1"]
[Termination "normal"]
[Board "17"]
[WhiteElo "1731"]
[BlackElo "1570"]
[PlyCount "92"]
[WhiteFideId "12931349"]
[BlackFideId "12913456"]
[EventCountry "GER"]
[EventRounds "9"]
[EventType "swiss"]
[EventDate "2013.05.18"]

1. e4 c5 2. Nf3 Nc6 3. d4 cxd4 4. Nxd4 g6 5. Nc3 Bg7 6. Be3 Nf6 7. Bc4 O-O 8.
Bb3 a5 9. f3 d5 10. Bxd5 Nxd5 11. Nxd5 e6 12. Nxc6 bxc6 13. Nb6 Rb8 14. Qxd8
Rxd8 15. Rd1 Rxd1+ 16. Kxd1 Bxb2 17. Nxc8 Rxc8 18. Ke2 a4 19. Rd1 c5 20. Rd7
Bd4 21. Bxd4 cxd4 22. Kd2 e5 23. Ra7 Rc4 24. Ra5 f6 25. Ra7 g5 26. Kc1 d3 27.
Kd1 Rxc2 28. Rxa4 Rxg2 29. Ra3 Rxh2 30. Ra7 Rf2 31. a4 Ra2 32. a5 h5 33. a6 h4
34. Ra8+ Kg7 35. Ra7+ Kg6 36. Ra8 h3 37. Rh8 Rxa6 38. Rxh3 Ra2 39. Rh8 Rf2 40.
Rh3 Kf7 41. Ke1 d2+ 42. Kd1 Ke6 43. Rg3 Kd6 44. Rh3 Kc5 45. Rg3 Kd4 46. Rh3 Ke3
0-1

[Event "DEM U14 2013"]
[Site "Oberhof GER"]
[Date "2013.05.22"]
[Round "6"]
[White "Spitzl, Vinzent"]
[Black "Gröbel, Aaron"]
[Result "1-0"]
[Termination "normal"]
[Board "18"]
[WhiteElo "1806"]
[BlackElo "1720"]
[PlyCount "47"]
[WhiteFideId "12901253"]
[BlackFideId "12914851"]
[EventCountry "GER"]
[EventRounds "9"]
[EventType "swiss"]
[EventDate "2013.05.18"]

1. e4 e5 2. Nf3 Nc6 3. Bb5 a6 4. Ba4 Nf6 5. O-O b5 6. Bb3 Be7 7. Re1 O-O 8. c3
d6 9. h3 Na5 10. Bc2 c5 11. d4 Qc7 12. Nbd2 cxd4 13. cxd4 Nc6 14. Nf1 exd4 15.
Bb3 Qb6 16. Ng3 h6 17. Bd5 Nxd5 18. exd5 Ne5 19. Nxd4 Bf6 20. Ne4 Bd8 21. Bf4
Bc7 22. Rc1 Bb7 23. Nf5 Rad8 24. Bxh6 1-0

[Event "DEM U14 2013"]
[Site "Oberhof GER"]
[Date "2013.05.22"]
[Round "6"]
[White "Cegielka, Michael"]
[Black "Scheinhütte, Jakob"]
[Result "0-1"]
[Termination "normal"]
[Board "19"]
[WhiteElo "1597"]
[BlackElo "1722"]
[PlyCount "110"]
[WhiteFideId "1270507"]
[BlackFideId "24693944"]
[EventCountry "GER"]
[EventRounds "9"]
[EventType "swiss"]
[EventDate "2013.05.18"]

1. e4 e6 2. d4 d5 3. e5 c5 4. c3 Nc6 5. Nf3 Nge7 6. Bd3 Nf5 7. Bxf5 exf5 8. O-O
c4 9. Nbd2 Be6 10. Re1 Be7 11. Nf1 g5 12. b3 h5 13. bxc4 dxc4 14. Rb1 g4 15.
N3d2 Qd7 16. Ne3 Na5 17. f3 h4 18. fxg4 fxg4 19. d5 Bxd5 20. Qxg4 Qxg4 21. Nxg4
O-O-O 22. Nf6 Bxf6 23. exf6 Nc6 24. Ne4 Ne5 25. Nc5 Ng4 26. Bf4 Nxf6 27. Re7
Nd7 28. Nxd7 Rxd7 29. Rxd7 Kxd7 30. Rd1 Kc6 31. Kf2 Rg8 32. g3 hxg3+ 33. hxg3
Re8 34. Re1 Rh8 35. Ke3 Rh2 36. Re2 Rxe2+ 37. Kxe2 Kb5 38. a3 Ka4 39. Bd6 Kb3
40. Kd2 b5 41. Bc5 a5 42. Bd6 Kb2 43. Be7 f5 44. Bd6 Be4 45. Bc5 b4 46. axb4 a4
47. b5 a3 48. Bxa3+ Kxa3 49. Ke3 Ka4 50. b6 Ka5 51. Kf4 Kxb6 52. g4 fxg4 53.
Kxe4 Kb5 54. Kf4 Ka4 55. Kxg4 Kb3 0-1

[Event "DEM U14 2013"]
[Site "Oberhof GER"]
[Date "2013.05.22"]
[Round "6"]
[White "Goderbauer, Benedikt"]
[Black "Tiarks, Jann-Christian"]
[Result "1-0"]
[Termination "normal"]
[Board "20"]
[WhiteElo "1738"]
[BlackElo "1535"]
[PlyCount "47"]
[WhiteFideId "12967467"]
[BlackFideId "12951595"]
[EventCountry "GER"]
[EventRounds "9"]
[EventType "swiss"]
[EventDate "2013.05.18"]

1. e4 e6 2. d4 d5 3. Nc3 dxe4 4. Nxe4 Nd7 5. Bd3 Ngf6 6. Qe2 Nxe4 7. Bxe4 Nf6
8. Bxb7 Rb8 9. Bc6+ Bd7 10. Bxd7+ Qxd7 11. Nf3 Be7 12. O-O O-O 13. c4 Ne8 14.
b3 Bf6 15. Ba3 Be7 16. Ne5 Qc8 17. Bxe7 Nd6 18. Bxf8 Kxf8 19. Rfd1 Qa6 20. Nd7+
Ke7 21. Nxb8 Qb7 22. d5 Qxb8 23. dxe6 fxe6 24. Re1 1-0

[Event "DEM U14 2013"]
[Site "Oberhof GER"]
[Date "2013.05.22"]
[Round "6"]
[White "Venukumar, Danny"]
[Black "Lai Hop, Long"]
[Result "0-1"]
[Termination "normal"]
[Board "21"]
[WhiteElo "1470"]
[BlackElo "1659"]
[PlyCount "36"]
[WhiteFideId "12939811"]
[BlackFideId "12942707"]
[EventCountry "GER"]
[EventRounds "9"]
[EventType "swiss"]
[EventDate "2013.05.18"]

1. Nf3 d5 2. b3 Nf6 3. Bb2 Bf5 4. e3 e6 5. Be2 Be7 6. O-O O-O 7. Ne5 Nbd7 8. f4
h6 9. d3 c5 10. Nd2 Qc7 11. Ndf3 Rac8 12. Nxd7 Nxd7 13. Ne5 Rfd8 14. Nxd7 Qxd7
15. a3 b5 16. c4 dxc4 17. dxc4 Qd2 18. Bc1 Qc3 0-1

[Event "DEM U14 2013"]
[Site "Oberhof GER"]
[Date "2013.05.22"]
[Round "6"]
[White "Karsay, Pascal"]
[Black "Ronge, Tim"]
[Result "1/2-1/2"]
[Termination "normal"]
[Board "22"]
[WhiteElo "1693"]
[BlackElo "1604"]
[PlyCount "53"]
[WhiteFideId "12953474"]
[BlackFideId "12955418"]
[EventCountry "GER"]
[EventRounds "9"]
[EventType "swiss"]
[EventDate "2013.05.18"]

1. e4 e5 2. Nf3 d6 3. d4 exd4 4. Nxd4 Nf6 5. Nc3 Be7 6. Be2 O-O 7. Be3 c6 8. a4
Re8 9. O-O Bf8 10. Qd3 Nbd7 11. Nf3 Qe7 12. Bg5 Nc5 13. Qd4 Ne6 14. Bxf6 Nxd4
15. Bxe7 Nxe2+ 16. Nxe2 Bxe7 17. Ng3 Bf6 18. c3 Be6 19. Nd4 Bc4 20. Rfe1 g6 21.
Nf1 Bd3 22. f3 Rad8 23. Re3 Ba6 24. g3 Bg5 25. f4 Bh6 26. Nd2 f5 27. Rae1
1/2-1/2

[Event "DEM U14 2013"]
[Site "Oberhof GER"]
[Date "2013.05.23"]
[Round "7"]
[White "Höglauer, Patrick"]
[Black "Perske, Thore"]
[Result "1/2-1/2"]
[Termination "normal"]
[Board "1"]
[WhiteElo "1928"]
[BlackElo "2158"]
[PlyCount "66"]
[WhiteFideId "1270548"]
[BlackFideId "12902195"]
[EventCountry "GER"]
[EventRounds "9"]
[EventType "swiss"]
[EventDate "2013.05.18"]

1. d4 Nf6 2. Nf3 g6 3. c4 Bg7 4. g3 O-O 5. Bg2 d6 6. O-O Nc6 7. Nc3 a6 8. b3
Rb8 9. a4 a5 10. Bb2 Nd7 11. e3 Nb4 12. Qd2 c6 13. Ne1 e5 14. Nd3 Nxd3 15. Qxd3
f5 16. Qd2 exd4 17. exd4 Qb6 18. Ne2 Qxb3 19. Ba3 Rf6 20. d5 c5 21. Bb2 Rf7 22.
Bxg7 Kxg7 23. Qxa5 b6 24. Qc3+ Qxc3 25. Nxc3 Ba6 26. Nb5 Bxb5 27. axb5 Re8 28.
Ra6 Re2 29. Rfa1 Rc2 30. Bf1 f4 31. R1a2 Rc1 32. Ra1 Rc2 33. R1a2 Rc1 1/2-1/2

[Event "DEM U14 2013"]
[Site "Oberhof GER"]
[Date "2013.05.23"]
[Round "7"]
[White "Sawlin, Leonid"]
[Black "Gretz, Denis"]
[Result "1/2-1/2"]
[Termination "normal"]
[Board "2"]
[WhiteElo "1952"]
[BlackElo "1912"]
[PlyCount "95"]
[WhiteFideId "4689542"]
[BlackFideId "12945188"]
[EventCountry "GER"]
[EventRounds "9"]
[EventType "swiss"]
[EventDate "2013.05.18"]

1. e4 c5 2. Nf3 d6 3. Bb5+ Bd7 4. Bxd7+ Qxd7 5. O-O Nc6 6. b3 Nf6 7. Re1 g6 8.
Bb2 Bg7 9. c3 O-O 10. d4 cxd4 11. cxd4 d5 12. e5 Ne4 13. Nbd2 Nxd2 14. Qxd2
Rfc8 15. Rac1 a5 16. a3 a4 17. b4 Na7 18. Qd3 Rxc1 19. Bxc1 Rc8 20. h4 Qf5 21.
Qe3 Rc2 22. Bd2 Nc8 23. Qe2 Bh6 24. Ng5 Bxg5 25. hxg5 Nb6 26. g4 Qe6 27. Qd1
Qc8 28. b5 Ra2 29. Bb4 e6 30. Bc5 Nc4 31. Qxa4 Kg7 32. Rc1 Qd8 33. f4 h6 34.
Qb3 Re2 35. gxh6+ Kxh6 36. g5+ Kg7 37. Rc2 Re1+ 38. Kf2 Rh1 39. Qg3 Qh8 40. Rc3
Nd2 41. Be7 Ne4+ 42. Kg2 Qh5 43. Bf6+ Kh7 44. Qh3 Nxc3 45. Qxh1 Qxh1+ 46. Kxh1
Nxb5 47. Be7 Nxd4 48. Kg2 1/2-1/2

[Event "DEM U14 2013"]
[Site "Oberhof GER"]
[Date "2013.05.23"]
[Round "7"]
[White "Vogel, Roven"]
[Black "Kololli, Martin"]
[Result "1/2-1/2"]
[Termination "normal"]
[Board "3"]
[WhiteElo "2065"]
[BlackElo "1816"]
[PlyCount "92"]
[WhiteFideId "12908088"]
[BlackFideId "12936910"]
[EventCountry "GER"]
[EventRounds "9"]
[EventType "swiss"]
[EventDate "2013.05.18"]

1. d4 f5 2. c4 Nf6 3. Nf3 g6 4. g3 Bg7 5. Bg2 O-O 6. O-O d6 7. Nc3 Qe8 8. d5
Na6 9. Nd4 Nc5 10. b3 Nfe4 11. Nxe4 Nxe4 12. Bb2 c5 13. dxc6 bxc6 14. Qc2 e5
15. Nf3 Ba6 16. Ba3 Rf7 17. Nd2 d5 18. Nxe4 fxe4 19. Rad1 Qe6 20. Rd2 Bh6 21.
e3 dxc4 22. bxc4 Qxc4 23. Rc1 Qxc2 24. Rdxc2 Bd3 25. Rxc6 Rb8 26. Rc8+ Rxc8 27.
Rxc8+ Kg7 28. Bd6 Kf6 29. Rc5 Rb7 30. Bxe5+ Ke7 31. h4 Bf8 32. Bd4 Kf7 33. Ra5
a6 34. Kh2 Rc7 35. Rd5 Rc2 36. Rd7+ Be7 37. Bh3 Rxf2+ 38. Kg1 Rc2 39. Rb7 Rxa2
40. Bc5 Ra1+ 41. Kf2 Ra2+ 42. Kg1 Ra1+ 43. Kh2 Ra2+ 44. Kh1 Ra1+ 45. Kg2 Ra2+
46. Kg1 Ra1+ 1/2-1/2

[Event "DEM U14 2013"]
[Site "Oberhof GER"]
[Date "2013.05.23"]
[Round "7"]
[White "Nguyen, Huy Dat"]
[Black "Pallas, Sebastian"]
[Result "1/2-1/2"]
[Termination "normal"]
[Board "4"]
[WhiteElo "1814"]
[BlackElo "1897"]
[PlyCount "82"]
[WhiteFideId "12923486"]
[BlackFideId "12905453"]
[EventCountry "GER"]
[EventRounds "9"]
[EventType "swiss"]
[EventDate "2013.05.18"]

1. e4 c5 2. Nf3 d6 3. d4 cxd4 4. Nxd4 Nf6 5. Nc3 a6 6. Bg5 e6 7. f4 Be7 8. Qf3
Qc7 9. O-O-O Nbd7 10. g4 h6 11. Bxf6 Bxf6 12. h4 Qb6 13. Nb3 Be7 14. Kb1 Nc5
15. Nxc5 Qxc5 16. Bg2 Bd7 17. e5 d5 18. Ne2 Rc8 19. Nd4 Qb6 20. f5 Rc4 21. c3
Kd8 22. Qd3 Kc8 23. Rd2 Kb8 24. Ka1 Rhc8 25. fxe6 fxe6 26. Bf3 a5 27. Be2 a4
28. Qg3 R4c7 29. Rb1 Qa5 30. Rd3 b5 31. Nc2 Be8 32. h5 b4 33. Nxb4 Bxb4 34.
cxb4 Qxb4 35. a3 Qb6 36. Rc3 Ka7 37. Rbc1 Rb7 38. R1c2 Rxc3 39. Qxc3 Bb5 40.
Bxb5 Qxb5 41. Qd4+ Kb8 1/2-1/2

[Event "DEM U14 2013"]
[Site "Oberhof GER"]
[Date "2013.05.23"]
[Round "7"]
[White "Urban, Konstantin"]
[Black "Greßmann, Moritz"]
[Result "0-1"]
[Termination "normal"]
[Board "5"]
[WhiteElo "1819"]
[BlackElo "1883"]
[PlyCount "66"]
[WhiteFideId "12927511"]
[BlackFideId "24695084"]
[EventCountry "GER"]
[EventRounds "9"]
[EventType "swiss"]
[EventDate "2013.05.18"]

1. e4 e5 2. Nf3 Nc6 3. Nc3 Nf6 4. d4 exd4 5. Nxd4 Bb4 6. Nxc6 bxc6 7. Bd3 d5 8.
exd5 cxd5 9. O-O O-O 10. Bg5 c6 11. Na4 Be6 12. Rc1 Bd6 13. Kh1 h6 14. Bh4 c5
15. c4 d4 16. b3 Bd7 17. Nb2 Bc6 18. Be2 g5 19. Bg3 Ne4 20. Bf3 f5 21. Bxd6
Qxd6 22. Qd3 Qf6 23. Nd1 Rad8 24. Rc2 Rfe8 25. h3 g4 26. Be2 Qh4 27. Kh2 gxh3
28. g3 Qf6 29. Bh5 Re7 30. Bf3 Ng5 31. Bxc6 Qxc6 32. f4 Qe4 33. Nf2 Qg2# 0-1

[Event "DEM U14 2013"]
[Site "Oberhof GER"]
[Date "2013.05.23"]
[Round "7"]
[White "Kollars, Dmitrij"]
[Black "Kololli, Kevin"]
[Result "0-1"]
[Termination "normal"]
[Board "6"]
[WhiteElo "2027"]
[BlackElo "1827"]
[PlyCount "98"]
[WhiteFideId "12909572"]
[BlackFideId "12936863"]
[EventCountry "GER"]
[EventRounds "9"]
[EventType "swiss"]
[EventDate "2013.05.18"]

1. e4 c5 2. Nf3 d6 3. d4 cxd4 4. Nxd4 Nf6 5. Nc3 g6 6. Be3 Bg7 7. f3 O-O 8. Qd2
Nc6 9. Bc4 Nxd4 10. Bxd4 Be6 11. Bxe6 fxe6 12. O-O-O Qa5 13. Kb1 Rac8 14. h4
Nh5 15. Bxg7 Kxg7 16. Qd4+ Kg8 17. Ne2 a6 18. e5 d5 19. Qe3 Qc5 20. Nd4 Ng3 21.
Qd2 Nxh1 22. Rxh1 Kf7 23. c3 Qb6 24. h5 Ke8 25. hxg6 hxg6 26. Rh6 Rg8 27. a3
Kd7 28. Ka1 Rc4 29. Rh7 Qc5 30. Qg5 b5 31. b4 Rxb4 32. axb4 Qxc3+ 33. Ka2 Qxb4
34. Qg4 Qa5+ 35. Kb1 Qb6 36. Rh1 Rc8 37. Rc1 Rc4 38. Rxc4 bxc4+ 39. Kc2 a5 40.
Qf4 a4 41. Qe3 a3 42. Qc3 a2 43. Kd2 Qb1 44. Nc2 Ke8 45. f4 Qf1 46. g3 Kf7 47.
Qa3 d4 48. Ne1 Qf2+ 49. Kd1 c3 0-1

[Event "DEM U14 2013"]
[Site "Oberhof GER"]
[Date "2013.05.23"]
[Round "7"]
[White "Baskin, Robert"]
[Black "Ehmann, Thilo"]
[Result "1-0"]
[Termination "normal"]
[Board "7"]
[WhiteElo "2157"]
[BlackElo "1878"]
[PlyCount "79"]
[WhiteFideId "24662402"]
[BlackFideId "12940968"]
[EventCountry "GER"]
[EventRounds "9"]
[EventType "swiss"]
[EventDate "2013.05.18"]

1. e4 e5 2. Nf3 Nc6 3. Bb5 a6 4. Ba4 Nf6 5. d3 b5 6. Bb3 Be7 7. a4 b4 8. O-O
O-O 9. a5 d6 10. Nbd2 Be6 11. Nc4 Rb8 12. Be3 Rb7 13. Re1 Ng4 14. Bd2 Nf6 15.
h3 Nd4 16. Nxd4 exd4 17. f4 d5 18. Ne5 dxe4 19. Bxe6 fxe6 20. dxe4 Qe8 21. Qe2
Qb5 22. Qf3 Nd7 23. Nd3 Re8 24. b3 c5 25. Nb2 Nb8 26. Nc4 Nc6 27. f5 Rd7 28.
fxe6 Rdd8 29. Qg4 d3 30. Bh6 g6 31. Qf3 Bf8 32. Qf7+ Kh8 33. Bg5 Be7 34. Bf6+
Bxf6 35. Qxf6+ Kg8 36. Nd6 Rxd6 37. Qf7+ Kh8 38. Qxe8+ Kg7 39. Qf7+ Kh6 40.
Qf4+ 1-0

[Event "DEM U14 2013"]
[Site "Oberhof GER"]
[Date "2013.05.23"]
[Round "7"]
[White "Flüchter, Gregor"]
[Black "Herbrig, Alexander"]
[Result "1-0"]
[Termination "normal"]
[Board "8"]
[WhiteElo "2002"]
[BlackElo "1774"]
[PlyCount "101"]
[WhiteFideId "12903396"]
[BlackFideId "12952044"]
[EventCountry "GER"]
[EventRounds "9"]
[EventType "swiss"]
[EventDate "2013.05.18"]

1. e4 c5 2. Nf3 Nc6 3. c3 d5 4. exd5 Qxd5 5. d4 Bg4 6. Be2 cxd4 7. cxd4 e6 8.
Nc3 Qa5 9. O-O Nf6 10. a3 O-O-O 11. Be3 Nd5 12. Qc2 Qc7 13. Rac1 Kb8 14. b4 Rc8
15. Nxd5 exd5 16. b5 Nd8 17. Qxc7+ Rxc7 18. Bf4 Ne6 19. Bxc7+ Nxc7 20. a4 Bd6
21. h3 Bh5 22. g4 Bg6 23. Rfd1 Be4 24. Nd2 Bf4 25. Rc3 Bg6 26. Bd3 Ne6 27. Nb3
b6 28. Bxg6 hxg6 29. Kg2 Bg5 30. Rh1 Nf4+ 31. Kf1 Re8 32. Rf3 Re4 33. Re3 f5
34. gxf5 gxf5 35. Rxe4 fxe4 36. h4 Bf6 37. h5 Bg5 38. Rg1 Bh6 39. Rh1 Kc7 40.
Nc1 Kd6 41. Ne2 Nd3 42. Rg1 Nb4 43. Rg6+ Ke7 44. Ng3 Kf7 45. Nf5 Bd2 46. Nxg7
Nc2 47. Nf5 Bc3 48. Rd6 Nxd4 49. Nxd4 Bxd4 50. Rxd5 Bc5 51. Rd7+ 1-0

[Event "DEM U14 2013"]
[Site "Oberhof GER"]
[Date "2013.05.23"]
[Round "7"]
[White "Bergauz, Noam"]
[Black "Rausch, Adrian"]
[Result "0-1"]
[Termination "normal"]
[Board "9"]
[WhiteElo "1900"]
[BlackElo "1750"]
[PlyCount "42"]
[WhiteFideId "12938033"]
[BlackFideId "12929069"]
[EventCountry "GER"]
[EventRounds "9"]
[EventType "swiss"]
[EventDate "2013.05.18"]

1. e4 b6 2. d4 Bb7 3. Nc3 e6 4. Nf3 Bb4 5. Bd3 c5 6. a3 Bxc3+ 7. bxc3 cxd4 8.
cxd4 Ne7 9. O-O O-O 10. e5 f5 11. exf6 Rxf6 12. Bg5 Bxf3 13. gxf3 Rf7 14. c4 h6
15. Bh4 Qf8 16. Be4 d5 17. cxd5 exd5 18. Bc2 Nf5 19. Bg3 Nc6 20. Bb3 Rd8 21.
Bc7 Rxc7 0-1

[Event "DEM U14 2013"]
[Site "Oberhof GER"]
[Date "2013.05.23"]
[Round "7"]
[White "Schmidt, Tobias"]
[Black "Kitze, Alexander"]
[Result "1-0"]
[Termination "normal"]
[Board "10"]
[WhiteElo "1924"]
[BlackElo "1992"]
[PlyCount "73"]
[WhiteFideId "1271683"]
[BlackFideId "12914827"]
[EventCountry "GER"]
[EventRounds "9"]
[EventType "swiss"]
[EventDate "2013.05.18"]

1. e4 c5 2. c3 d5 3. exd5 Qxd5 4. d4 Nc6 5. Nf3 Bf5 6. dxc5 Qxd1+ 7. Kxd1
O-O-O+ 8. Ke1 e5 9. Be3 Nge7 10. Bc4 Nd5 11. b4 Nxe3 12. fxe3 Be7 13. Nbd2 g5
14. Ke2 g4 15. Ne1 Bg6 16. Rf1 Rhf8 17. g3 e4 18. Nc2 Ne5 19. Nd4 h5 20. Bb3
Rh8 21. Bc2 Nf3 22. Nxe4 Nxh2 23. Rf2 Nf3 24. Nxf3 gxf3+ 25. Kxf3 h4 26. Rh1
hxg3 27. Rxh8 Rxh8 28. Nxg3 Bxc2 29. Rxc2 Rd8 30. Nf5 Bf8 31. Rh2 Kc7 32. Rh7
Rd7 33. Rh5 Be7 34. Nxe7 Rxe7 35. Rh4 Kc6 36. a4 Re6 37. Rf4 1-0

[Event "DEM U14 2013"]
[Site "Oberhof GER"]
[Date "2013.05.23"]
[Round "7"]
[White "Ovsepyan, Arshak"]
[Black "Nothnagel, Marian Can"]
[Result "1/2-1/2"]
[Termination "normal"]
[Board "11"]
[WhiteElo "1997"]
[BlackElo "1785"]
[PlyCount "158"]
[WhiteFideId "24690236"]
[BlackFideId "12921530"]
[EventCountry "GER"]
[EventRounds "9"]
[EventType "swiss"]
[EventDate "2013.05.18"]

1. d4 Nf6 2. c4 g6 3. Nc3 Bg7 4. Nf3 O-O 5. g3 d6 6. Bg2 Nc6 7. O-O a6 8. h3
Rb8 9. e4 b5 10. d5 Na5 11. cxb5 axb5 12. Nd4 Bd7 13. f4 b4 14. Nce2 c5 15.
dxc6 Nxc6 16. Be3 e5 17. Nb3 Be6 18. f5 gxf5 19. exf5 Bxb3 20. Qxb3 Na5 21. Qa4
Nc4 22. Ba7 d5 23. Bxb8 Qxb8 24. Qa6 Ne3 25. Rfc1 Nxg2 26. Kxg2 d4 27. Rc6 Qd8
28. Rd6 Qe7 29. Rc1 Ne4 30. Rdc6 Qg5 31. Qd3 Nf6 32. Rc8 Ne8 33. Ng1 Qe7 34.
Qe4 Nd6 35. Rxf8+ Kxf8 36. Qa8+ Ne8 37. Kf3 Qd7 38. Qc6 Qxf5+ 39. Kg2 Bf6 40.
Rf1 Qg6 41. Qc5+ Kg7 42. Qxb4 Qe4+ 43. Nf3 Qd5 44. Qb3 Qc6 45. Kh2 e4 46. Qxf7+
Kxf7 47. Ne5+ Ke6 48. Nxc6 Kd5 49. Na5 d3 50. Nb3 e3 51. Kg2 e2 52. Rf5+ Ke6
53. Rxf6+ Kxf6 54. Kf2 Ke5 55. Nc5 Kd4 56. Ne6+ Kc4 57. Nf4 Nf6 58. Nxe2 d2 59.
Nc3 Ne4+ 60. Ke2 Nxg3+ 61. Kxd2 Nf5 62. Ne2 Nd6 63. Kc2 Ne4 64. b3+ Kb4 65. Kb2
Nf2 66. a3+ Kc5 67. h4 Nd3+ 68. Kc3 Ne5 69. Nd4 Ng6 70. Nf3 Kd5 71. a4 h6 72.
a5 Kc5 73. b4+ Kb5 74. Nd4+ Ka6 75. Nf5 Kb5 76. Nxh6 Nxh4 77. Nf7 Nf5 78. Ne5
Ne7 79. Nd3 Nc6 1/2-1/2

[Event "DEM U14 2013"]
[Site "Oberhof GER"]
[Date "2013.05.23"]
[Round "7"]
[White "Riehle, Marco"]
[Black "Hartge, Gedeon"]
[Result "1/2-1/2"]
[Termination "normal"]
[Board "12"]
[WhiteElo "1876"]
[BlackElo "1781"]
[PlyCount "101"]
[WhiteFideId "12904392"]
[BlackFideId "12932116"]
[EventCountry "GER"]
[EventRounds "9"]
[EventType "swiss"]
[EventDate "2013.05.18"]

1. e4 c5 2. Nf3 e6 3. d4 cxd4 4. Nxd4 Nf6 5. Nc3 Bb4 6. e5 Nd5 7. Bd2 Nxc3 8.
bxc3 Be7 9. Bd3 Nc6 10. Nxc6 bxc6 11. Qg4 Kf8 12. O-O h5 13. Qe2 Bb7 14. f4 d6
15. f5 dxe5 16. fxe6 f6 17. Qxe5 Qd5 18. Qe2 c5 19. Rf5 Qc6 20. Re1 Rd8 21. Be3
a6 22. Kh1 h4 23. h3 Qxe6 24. Bxc5 Qxe2 25. Rxe2 Rd7 26. Rxe7 Rxe7 27. Rf4 Kf7
28. Bxe7 Kxe7 29. Rb4 Bd5 30. Bxa6 Ra8 31. Bb7 Bxb7 32. Rxb7+ Kd6 33. Rxg7 Rxa2
34. Rg4 Rxc2 35. c4 Ke5 36. Rxh4 f5 37. Kg1 Rc1+ 38. Kh2 Rc2 39. Rh8 Rxc4 40.
Rf8 f4 41. h4 f3 42. g3 Rc2+ 43. Kh3 Ke4 44. h5 Ke3 45. g4 Rc1 46. g5 f2 47. g6
Rg1 48. Kh4 Ke2 49. Re8+ Kd2 50. Rf8 Ke2 51. Re8+ 1/2-1/2

[Event "DEM U14 2013"]
[Site "Oberhof GER"]
[Date "2013.05.23"]
[Round "7"]
[White "Schmekel, Florian"]
[Black "Herzum, Peter"]
[Result "0-1"]
[Termination "normal"]
[Board "13"]
[WhiteElo "1570"]
[BlackElo "1882"]
[PlyCount "84"]
[WhiteFideId "12913456"]
[BlackFideId "12919217"]
[EventCountry "GER"]
[EventRounds "9"]
[EventType "swiss"]
[EventDate "2013.05.18"]

1. d4 Nf6 2. c4 c5 3. d5 b5 4. Nf3 bxc4 5. Nc3 d6 6. e4 g6 7. Bxc4 Bg7 8. e5
dxe5 9. Nxe5 O-O 10. Qe2 Bb7 11. Bg5 Nbd7 12. Nxd7 Qxd7 13. Rd1 a6 14. O-O h6
15. Bxf6 exf6 16. b3 Rfe8 17. Qd3 f5 18. Na4 Qd6 19. Rfe1 Bd4 20. b4 Rxe1+ 21.
Rxe1 Qf4 22. Rf1 cxb4 23. Qe2 Qd6 24. Qd2 Bg7 25. Qe3 Rd8 26. Rd1 Kh7 27. Bb3
Rd7 28. Nc5 Rc7 29. Nxb7 Rxb7 30. Re1 Bf6 31. Qe8 Kg7 32. h3 Rc7 33. Qe2 Bd4
34. Qf3 Rc3 35. Qe2 a5 36. Qe7 Qf4 37. Qe2 g5 38. Rf1 g4 39. hxg4 fxg4 40. d6
g3 41. Bc2 gxf2+ 42. Rxf2 Qxf2+ 0-1